[Event "AUTO-INT-1531"]
[Site "http://www.queenalice.com/game.php?id=690295"]
[Date "2009.11.29"]
[Round "1"]
[White "papilon_br"]
[Black "Xadrez_e_sexo"]
[Result "0-1"]
[WhiteElo "1673"]
[BlackElo "1351"]

1. e4 c5 2. Nc3 e6 3. Nf3 Nf6 4. d3 d6 5. Bg5 Be7 6. g3 Nc6 7. Bg2 Bd7 8. O-O
O-O 9. Be3 d5 10. exd5 exd5 11. d4 c4 12. Ne5 Be6 13. h4 Nd7 14. Nxc6 bxc6 15.
a4 Qc7 16. b4 a5 17. b5 Rfb8 18. Bf4 Bd6 19. Be3 Rb7 20. Rb1 Rab8 21. Kh2 Nf6
22. f3 Bxg3+ 23. Kg1 Bh2+ 24. Kh1 Bg3 25. Bg5 Qe7 26. Qd2 h6 27. Bxf6 Qxf6 28.
f4 Qxh4+ 29. Bh3 Bxh3 30. Rfc1 Bg2+ 0-1

[Event "AUTO-INT-1531"]
[Site "http://www.queenalice.com/game.php?id=690296"]
[Date "2009.11.29"]
[Round "1"]
[White "Xadrez_e_sexo"]
[Black "papilon_br"]
[Result "1-0"]
[WhiteElo "1389"]
[BlackElo "1688"]

1. d4 d5 2. c4 Nc6 3. Nc3 Nf6 4. e3 e6 5. Nf3 Bb4 6. Bd3 Ne4 7. Qb3 a6 8. cxd5
Bxc3+ 9. bxc3 exd5 10. Ba3 Ne7 11. Qb4 a5 12. Qb3 c6 13. O-O O-O 14. Qc2 Bf5 15.
Nd2 Re8 16. Nxe4 dxe4 17. Bxe4 Bxe4 18. Qxe4 Nd5 19. Qd3 b5 20. Bb2 Qc7 21. a4
b4 22. cxb4 axb4 23. Qc4 Qb6 24. Rfc1 Rec8 25. Kh1 b3 26. Rcb1 c5 27. Qxd5 c4
28. Rc1 Rf8 29. Qxc4 Qa5 30. Qxb3 g6 31. Qc3 Qb6 32. a5 Qb5 33. Ba3 Rfc8 34.
Qxc8+ Rxc8 35. Rxc8+ Kg7 36. a6 Qd7 37. Bf8+ Kf6 38. a7 1-0

[Event "AUTO-INT-1531"]
[Site "http://www.queenalice.com/game.php?id=690309"]
[Date "2009.11.29"]
[Round "1"]
[White "ButchCassidy"]
[Black "Xadrez_e_sexo"]
[Result "0-1"]
[WhiteElo "1629"]
[BlackElo "1309"]

1. e4 c5 2. Bc4 e6 3. d3 d6 4. Nf3 Nf6 5. Bg5 Be7 6. Bxf6 Bxf6 7. c3 O-O 8. O-O
a6 9. Nbd2 b5 10. Bb3 Bb7 11. Bc2 Nc6 12. a3 Qc7 13. b4 Rad8 14. Re1 Rfe8 15.
bxc5 dxc5 16. Rc1 Bxc3 17. Re3 c4 18. dxc4 Bxd2 19. Nxd2 bxc4 20. Qe2 Nd4 21.
Qf1 c3 22. Ba4 Nb5 23. Rexc3 Nxc3 24. Bxe8 Rxe8 25. Qd3 Rc8 26. h3 Ne2+ 27. Kh1
Qxc1+ 28. Kh2 Qg1# 0-1

[Event "AUTO-INT-1531"]
[Site "http://www.queenalice.com/game.php?id=690310"]
[Date "2009.11.29"]
[Round "1"]
[White "Xadrez_e_sexo"]
[Black "ButchCassidy"]
[Result "0-1"]
[WhiteElo "1302"]
[BlackElo "1611"]

1. d4 d5 2. c4 dxc4 3. Nc3 Nf6 4. e4 Bg4 5. Nf3 e6 6. Bxc4 Bb4 7. Qa4+ Nc6 8. d5
Bxc3+ 9. bxc3 exd5 10. exd5 Nxd5 11. Ba3 Nxc3 12. O-O Nxa4 13. Rfe1+ Ne7 14.
Bxe7 Qd7 0-1

[Event "AUTO-INT-1531"]
[Site "http://www.queenalice.com/game.php?id=690319"]
[Date "2009.11.29"]
[Round "1"]
[White "Xadrez_e_sexo"]
[Black "cristiane4"]
[Result "1-0"]
[WhiteElo "1489"]
[BlackElo "1571"]

1. d4 d5 2. c4 Nf6 3. Nc3 e6 4. e3 dxc4 5. Bxc4 b6 6. Nf3 Bb7 7. O-O Bd6 8. b3
O-O 9. Bb2 c5 10. dxc5 Bxc5 11. Qe2 Qe7 12. a3 Qc7 13. Rac1 Be7 14. Rfd1 a6 15.
Bd3 b5 16. Nxb5 Qb6 17. Bd4 Qa5 18. Nc7 Nc6 19. Nxa6 Bxa6 20. Rxc6 Bxd3 21. Qxd3
Qxa3 22. Qc4 Nd5 23. h3 h6 24. Ra1 Qb4 25. Rxa8 Rxa8 26. Rc8+ Rxc8 27. Qxc8+ Kh7
28. Qc2+ Kg8 29. Nd2 Bd6 30. g3 e5 31. Bb2 f5 32. Nc4 e4 33. Nxd6 Qxd6 34. Qc4
Kh7 35. Bc3 g5 36. Qd4 Qc6 37. Qg7# 1-0

[Event "AUTO-INT-1531"]
[Site "http://www.queenalice.com/game.php?id=690320"]
[Date "2009.11.29"]
[Round "1"]
[White "cristiane4"]
[Black "Xadrez_e_sexo"]
[Result "1-0"]
[WhiteElo "1718"]
[BlackElo "1524"]

1. e4 c5 2. Bc4 e6 3. Nc3 d6 4. Nf3 Nf6 5. d3 Be7 6. O-O O-O 7. Ne2 Nc6 8. Be3
a6 9. a3 b5 10. Bb3 Bb7 11. Rc1 Rc8 12. Nf4 d5 13. exd5 exd5 14. Ba2 c4 15. dxc4
dxc4 16. h3 Qxd1 17. Rcxd1 Bd8 18. b3 cxb3 19. cxb3 Bc7 20. Rd2 Ne5 21. Nxe5
Bxe5 22. b4 Rfd8 23. Rxd8+ Rxd8 24. Ne2 Bc7 25. Re1 Be5 26. Bc5 Re8 27. f4 Bxf4
28. Kf1 Bh6 29. Ng3 Rxe1+ 30. Kxe1 Bxg2 31. h4 Bf3 32. Nf5 Bf4 33. Kf2 Be4 34.
Ne7+ Kh8 35. Bxf7 g6 36. Bd4 Kg7 37. Be6 1-0

[Event "AUTO-OPEN-1779"]
[Site "http://www.queenalice.com/game.php?id=690431"]
[Date "2009.11.29"]
[Round "1"]
[White "Xadrez_e_sexo"]
[Black "carlosjvega"]
[Result "1-0"]
[WhiteElo "1508"]
[BlackElo "1770"]

1. d4 d5 2. c4 c6 3. Nc3 e6 4. e3 Nf6 5. Nf3 Bb4 6. Bd3 Bxc3+ 7. bxc3 a6 8. Ba3
b5 9. cxb5 axb5 10. Bb4 Na6 11. a4 Nxb4 12. cxb4 bxa4 13. Rxa4 Rxa4 14. Qxa4 Qb6
15. b5 O-O 16. bxc6 Ne8 17. O-O Nc7 18. Rb1 Nb5 19. Qxb5 Qa7 20. Ne5 Re8 21. c7
Re7 22. Nc6 Qxc7 23. Qb6 Qd7 24. Na7 Bb7 25. Nc6 Bxc6 26. Qb8+ Re8 27. Qb4 g6
28. f4 f5 29. Ra1 Kg7 30. Qc5 Rc8 31. h3 Bb7 32. Qb6 Qc6 33. Qb2 Ra8 34. Rb1 Ba6
35. Rc1 Qd6 36. Bxa6 Qxa6 37. Rc7+ Kh6 38. Qf2 g5 39. fxg5+ Kg6 40. Qh4 Qa1+ 41.
Kh2 h5 42. gxh6 1-0

[Event "AUTO-OPEN-1779"]
[Site "http://www.queenalice.com/game.php?id=690432"]
[Date "2009.11.29"]
[Round "1"]
[White "carlosjvega"]
[Black "Xadrez_e_sexo"]
[Result "1-0"]
[WhiteElo "1792"]
[BlackElo "1534"]

1. e4 c5 2. d4 cxd4 3. Nf3 d6 4. Nxd4 Nf6 5. Bd3 e6 6. O-O Be7 7. c4 Nc6 8. Nxc6
bxc6 9. Nc3 O-O 10. b4 Qc7 11. Bb2 a6 12. f4 Bb7 13. Qc2 Rad8 14. Rad1 d5 15. e5
Nd7 16. c5 a5 17. a3 axb4 18. axb4 Ra8 19. Bxh7+ Kh8 20. Bd3 g6 21. Rf3 Kg7 22.
Ne2 Ra2 23. Qb3 Rfa8 24. Bb1 R2a7 25. Nd4 Ba6 26. Bd3 Rb8 27. Bxa6 Nxc5 28. Qc3
Nxa6 29. Nxc6 Bxb4 30. Nxb4 Nxb4 31. Qxc7 Rxc7 32. Ba3 Rcb7 33. Rb1 Nc6 34. Rxb7
Rxb7 35. Rc3 Na5 36. Rc8 Nc4 37. Bd6 Nxd6 38. exd6 Rd7 39. Rc6 Kf6 40. Kf2 e5
41. g3 Ke6 42. Ke3 Rxd6 43. Rxd6+ Kxd6 44. h4 exf4+ 45. gxf4 Kc5 46. f5 1-0

[Event "AUTO-OPEN-1779"]
[Site "http://www.queenalice.com/game.php?id=690433"]
[Date "2009.11.29"]
[Round "1"]
[White "Xadrez_e_sexo"]
[Black "thw"]
[Result "0-1"]
[WhiteElo "1309"]
[BlackElo "1824"]

1. c4 e5 2. Nc3 Nf6 3. b3 d5 4. Bb2 d4 5. Nb1 c5 6. e3 dxe3 7. fxe3 Nc6 8. Nf3
Bg4 9. Be2 Bd6 10. O-O O-O 11. Nc3 a6 12. h3 Bh5 13. g4 Bg6 14. d4 exd4 15. exd4
cxd4 16. Nxd4 Nxd4 0-1

[Event "AUTO-OPEN-1779"]
[Site "http://www.queenalice.com/game.php?id=690434"]
[Date "2009.11.29"]
[Round "1"]
[White "thw"]
[Black "Xadrez_e_sexo"]
[Result "0-1"]
[WhiteElo "1826"]
[BlackElo "1309"]

1. e4 c5 2. Nf3 e6 3. d4 cxd4 4. Nxd4 Nc6 5. Nxc6 bxc6 6. Nc3 d6 7. Be3 Nf6 8.
f3 Be7 9. Bc4 O-O 10. Qd2 d5 11. exd5 cxd5 12. Bb3 Ba6 13. O-O-O Bb4 14. a3 Ba5
15. Bd4 Nd7 16. Qe3 Qc7 17. Na4 Rab8 18. Kb1 Rb7 19. Nc5 Nxc5 20. Bxc5 Rc8 21.
Bd4 Bc4 22. Qg5 f6 23. Bxf6 Bxb3 24. cxb3 Qc2+ 25. Ka1 Qxb3 26. Rc1 Bc3 27. Rxc3
Qxb2# 0-1

[Event "AUTO-INT-1532"]
[Site "http://www.queenalice.com/game.php?id=690937"]
[Date "2009.11.30"]
[Round "1"]
[White "tony143"]
[Black "Xadrez_e_sexo"]
[Result "0-1"]
[WhiteElo "1488"]
[BlackElo "1472"]

1. d4 d5 2. g3 Nf6 3. Bg2 Bf5 4. Nf3 e6 5. Nh4 Bg6 6. Nxg6 hxg6 7. Nc3 Bb4 8.
Qd3 Nc6 9. O-O Bd6 10. h3 Qd7 11. Nb5 a6 12. Nxd6+ Qxd6 13. Qb3 O-O-O 14. f4
Nxd4 15. Qd3 Nf5 16. c4 dxc4 17. Qf3 c6 18. a3 Nd5 19. h4 Qc5+ 20. Kh1 Nxh4 21.
gxh4 Rxh4+ 22. Bh3 Rdh8 23. Be3 Nxe3 24. Rfc1 Rxh3+ 25. Qxh3 Rxh3+ 26. Kg1 Ng4+
27. Kf1 Qf2# 0-1

[Event "AUTO-INT-1532"]
[Site "http://www.queenalice.com/game.php?id=690938"]
[Date "2009.11.30"]
[Round "1"]
[White "Xadrez_e_sexo"]
[Black "tony143"]
[Result "1-0"]
[WhiteElo "1424"]
[BlackElo "1493"]

1. d4 e6 2. c4 Nh6 3. Bxh6 gxh6 4. Nf3 b6 5. e4 Bg7 6. Be2 Bb7 7. Nc3 d5 8. cxd5
exd5 9. e5 O-O 10. Qd2 Ba6 11. O-O Bxe2 12. Qxe2 c5 13. Rad1 c4 14. Nd2 a6 15.
Qf3 b5 16. Nxd5 Nc6 17. Nf6+ Bxf6 18. exf6 Nxd4 19. Qg4+ Kh8 20. Qg7# 1-0

[Event "AUTO-INT-1532"]
[Site "http://www.queenalice.com/game.php?id=690955"]
[Date "2009.11.30"]
[Round "1"]
[White "eder"]
[Black "Xadrez_e_sexo"]
[Result "1-0"]
[WhiteElo "1587"]
[BlackElo "1524"]

1. d4 d5 2. c4 dxc4 3. Nf3 Nf6 4. Nc3 e6 5. e3 Bb4 6. Bxc4 O-O 7. O-O a6 8. a3
Ba5 9. h3 b5 10. Bd3 Bb7 11. Ne5 Nbd7 12. f4 Nxe5 13. fxe5 Nd5 14. Bd2 Bb6 15.
Qc2 c5 16. Bxh7+ Kh8 17. Be4 cxd4 18. exd4 Bxd4+ 19. Kh1 Bxe5 20. Bxd5 Bxd5 21.
Nxd5 Qxd5 22. Bc3 Rac8 23. Rad1 Qc6 24. Rf3 Bxc3 25. Rxc3 1-0

[Event "AUTO-INT-1532"]
[Site "http://www.queenalice.com/game.php?id=690956"]
[Date "2009.11.30"]
[Round "1"]
[White "Xadrez_e_sexo"]
[Black "eder"]
[Result "0-1"]
[WhiteElo "1511"]
[BlackElo "1600"]

1. d4 Nf6 2. c4 e6 3. Nc3 d5 4. Nf3 Be7 5. e3 O-O 6. Be2 b6 7. O-O Bb7 8. a3
Nbd7 9. cxd5 exd5 10. b4 Rc8 11. Bb2 c5 12. bxc5 bxc5 13. dxc5 Nxc5 14. Rc1 Nfe4
15. Nxe4 Nxe4 16. Qd3 Qb6 17. Bd4 Bc5 18. Rb1 Qd6 19. Rxb7 Bb6 20. Bxb6 axb6 21.
Rd1 Rfd8 22. Nd4 Rc3 23. Qa6 Nc5 24. Qxb6 Nxb7 25. Qxb7 Rb8 0-1